Loading...
Flower cropes: cultivation management /
| Main Author: | |
|---|---|
| Other Authors: | |
| Format: | Printed Book |
| Published: |
Jaipur:
OBC,
2010.
|
| Subjects: |
| LEADER | 00553cam a2200181ua 4500 | ||
|---|---|---|---|
| 008 | 110301t2010||||||||||| 00 ||||| c | ||
| 082 | |a 635.9 |b DEW/F | ||
| 100 | |a Dewash Choudhary, | ||
| 245 | 0 | 0 | |a Flower cropes: cultivation management / |
| 260 | |a Jaipur: |b OBC, |c 2010. | ||
| 300 | |a 318p.. | ||
| 362 | 1 | |a 2010. | |
| 650 | |a Flower crops | ||
| 650 | 0 | |a Crops-Cultivation | |
| 700 | 0 | 2 | |a Amal Mehta |
| 942 | |c BK | ||
| 999 | |c 25006 |d 25006 | ||
| 952 | |0 0 |1 0 |4 0 |6 635_900000000000000_DEW |7 0 |9 26610 |a KUCL |b KUCL |d 2014-05-23 |l 0 |o 635.9 DEW/ |p 25507 |r 2014-05-23 |w 2014-05-23 |y BK | ||